| 000 | 00391cam a2200169ua 4500 | ||
|---|---|---|---|
| 020 | _c2.00 | ||
| 041 |
_amal _h |
||
| 082 |
_a210 _bPAL/VI |
||
| 100 | _aPalaki, J C . | ||
| 245 | 0 | 0 |
_aViswothara Jeevitham / _cJ C Palaki. _hTextual Documents |
| 260 |
_a : _bThankamma Cheriyan , _c1964. |
||
| 300 | _a202 ; . | ||
| 365 | _a2.00 | ||
| 504 | _a | ||
| 942 | _cBK | ||
| 999 |
_c5831 _d5831 |
||